| 000 | 02940nkm0a2200445 4500 | ||
|---|---|---|---|
| 001 | RU\NLR\BIBL_A\022335648 | ||
| 005 | 20251218232426.0 | ||
| 035 | _a(NLR Aleph) 022335648 | ||
| 090 |
_a13506218 _c13506218 |
||
| 100 | _a20240928d1865 y0rusy50 ca | ||
| 101 | 0 | _arus | |
| 102 | _aRU | ||
| 116 | _aiiyaxx ci zz | ||
| 135 | _acrcn 024anaba | ||
| 181 | 0 |
_ab4 _bxb2e |
|
| 182 | 0 | _an | |
| 200 | 1 |
_aКавказские минеральные воды _e[эстамп] _fПеч. со стали Ф. А. Брокгауза в Лейпциге _gРис. с натуры А. Нисченков |
|
| 203 |
_aИзображение _bнеподвижное _bдвухмерное _bвизуальное _cнепосредственное |
||
| 210 |
_aЛейпциг _cИзд. В. Е. Генкеля в СПб _d[1865] |
||
| 215 |
_a1 л. _cгравюра на стали _d19,2х22,5 ; 21,4 х 28,8 |
||
| 325 | _aКопия доступна в Электрон. б-ке РНБ | ||
| 327 | 1 | _aПятигорск в окружении 8 других достопримечательностей: Ермоловские и Николаевские источники, Елизаветинская галерея и парк, грот Лермонтова под Эоловой арфой -в Пятигорске; Вид Ессентуков и галерея там же; галерея и вид из цветника в Кисловодске; Железноводск. | |
| 606 | 1 |
_aГравюра немецкая _z18 - 19 вв. _2nlr_sh1 _3RU\NLR\AUTH\66371508 |
|
| 607 |
_aПятигорск, город (Ставропольский край) _2nlr_sh1 _2nlr_sh2 _3RU\NLR\AUTH\66513454 |
||
| 617 |
_aРоссия _cСтавропольская губерния _cПятигорский уезд _dПятигорск, город |
||
| 700 | 1 |
_aБрокгауз _bФ. А. _f17 _gФ |
|
| 702 | 1 |
_aНисченков _bА. Н. _fсередина-вторая половина XIX в. _gАлександр Никанорович |
|
| 712 | 0 | 0 |
_aГенкель, _gВ., _hкнижная торговля _cПетербург _3RU\NLR\AUTH\8810158036 |
| 830 | _ahttps://art.biblioclub.ru/picture_123218_vid_nikolaevskih_aleksandrovskih_i_ermolovskih_vann_na_kavkazskih_goryachih_mineralnyih_vodah/ ОЭФ ОП 19.07.24 | ||
| 852 | 0 | 0 |
_aNLR _bЭ _jГТ63/3-К126 _mэ083235 |
| 856 | 0 | _uhttps://vivaldi.nlr.ru/le700000019/view | |
| 856 | 1 | _uhttps://vivaldi.nlr.ru/le700000019/cover | |
| 856 | 2 | _uhttps://vivaldi.nlr.ru/le700000019/text | |
| 901 | _eИзографические материалы | ||
| 942 | _cVISUAL | ||
| 980 | _aNB | ||
| 981 | 1 | 7 |
_a(17) Изографические материалы _b(17) Эстампы |